A Textbook of Physical Chemistry (Record no. 5836)

MARC details
000 -LEADER
fixed length control field 00503nam a22001937a 4500
003 - CONTROL NUMBER IDENTIFIER
control field OSt
005 - DATE AND TIME OF LATEST TRANSACTION
control field 20170428141604.0
008 - FIXED-LENGTH DATA ELEMENTS--GENERAL INFORMATION
fixed length control field 170428b xxu||||| |||| 00| 0 eng d
020 ## - INTERNATIONAL STANDARD BOOK NUMBER
International Standard Book Number 0852260202
040 ## - CATALOGING SOURCE
Transcribing agency DDC
082 ## - DEWEY DECIMAL CLASSIFICATION NUMBER
Classification number 541 NEG 1991
100 ## - MAIN ENTRY--PERSONAL NAME
Personal name Negi, A.S.; Anand, S.C
9 (RLIN) 12123
245 ## - TITLE STATEMENT
Title A Textbook of Physical Chemistry
260 ## - PUBLICATION, DISTRIBUTION, ETC. (IMPRINT)
Place of publication, distribution, etc. New Delhi; Wiley Eastern, 1991
300 ## - PHYSICAL DESCRIPTION
Extent xvi,981p; ill: 21cm
504 ## - BIBLIOGRAPHY, ETC. NOTE
Bibliography, etc Index, & Tables
650 ## - SUBJECT ADDED ENTRY--TOPICAL TERM
Topical term or geographic name as entry element Physical Chemistry
9 (RLIN) 1450
942 ## - ADDED ENTRY ELEMENTS (KOHA)
Source of classification or shelving scheme Other/Generic Classification Scheme
Koha item type Short Loan
Holdings
Withdrawn status Lost status Source of classification or shelving scheme Damaged status Not for loan Home library Current library Date acquired Source of acquisition Inventory number Total Checkouts Full call number Barcode Date last seen Date last checked out Koha item type
    Dewey Decimal Classification     MUST Main Library MUST Main Library 28/04/2017 Purchase 98/11926 3 541 NEG 1991 2017-0825 24/01/2023 13/01/2023 Short Loan
    Dewey Decimal Classification     MUST Main Library MUST Main Library 17/08/2022 Purchase 05/24062 2 541 NEG 1991 2022-7904 10/10/2022 29/09/2022 Book Bank